AH International Schools' Libraries

(KHMER) The prodigal son / (Record no. 49872)

MARC details
000 -LEADER
fixed length control field 00284nam a2200109 4500
020 ## - INTERNATIONAL STANDARD BOOK NUMBER
International Standard Book Number 9789996375262
245 ## - TITLE STATEMENT
Title (KHMER) The prodigal son /
260 ## - PUBLICATION, DISTRIBUTION, ETC. (IMPRINT)
Place of publication, distribution, etc Cambodia:
Name of publisher, distributor, etc The Bible Society;
Date of publication, distribution, etc 2005.
300 ## - PHYSICAL DESCRIPTION
Extent unpaged.
Other physical details col. ill.
490 ## - SERIES STATEMENT
Series statement Words of wisdom;
942 ## - ADDED ENTRY ELEMENTS (KOHA)
Source of classification or shelving scheme
Koha item type Khmer NON FIC Books
Holdings
Withdrawn status Lost status Source of classification or shelving scheme Damaged status Not for loan Home library Current library Shelving location Date acquired Total Checkouts Full call number Barcode Date last seen Date checked out Price effective from Koha item type
          Asian Hope Secondary Library Asian Hope Secondary Library   12/08/2025 4 KHMER 220.9505 208580 04/07/2026 03/31/2026 12/08/2025 Khmer NON FIC Books

For any Logos Library related questions please contact Miss Art at swongnarasuk@asianhope.org.

For any Asian Hope Library related questions please contact Miss Raza at graza@asianhope.org.

Click here to explore our ebooks!

Powered by Koha